000 01580cam a22004574i 4500
003 PE-LiUPU
005 20250731173311.0
008 150616s r 000 0 d
020 _a0311420648
035 _a(Sirsi) i9780311420643
040 _aPE-LiUPU
_bspa
_cPE-LiUPU
_erda
049 _aPRUA
082 0 4 _a286.1
_bC13
_221
100 1 _aCabrera, Víctor Jesús,
_eautor.
245 1 4 _aLas manos al arado :
_bmanual práctico para el pastor de hoy /
_cVíctor Jesús Cabrera.
264 1 _a[Buenos Aires] :
_bCasa Bautista de Publicaciones,
_c1978.
300 _a128 páginas ;
_c19 centímetros
336 _atext
_2rdacontent
337 _aunmediated
_2rdamedia
338 _avolume
_2rdacarrier
505 0 _aEl ejemplo de Jesús -- El pastorado evangélico -- Aspectos de oficio pastoral -- La experiencia espiritual del pastor.
526 _aSEG42
526 _aSEG41
526 _aSEG40
526 _aSEG39
526 _aP94
526 _aP87
526 _aP86
526 _aP85
526 _aP77
526 _aP76
526 _aP35
650 0 4 _aPastores.
910 _ajck
_bjvq
_cjck
942 _2ddc
_cBOOK
949 _a286.1 C13
_wDEWEY
_c1
_i16820
_lCCODEBUL1
_mBUL
_r0
_sY
_tBOOK
_u2015-6-16
_xTEOLOGIA
_zUNKNOWN
_0COMPRA
_o.STAFF. Colección General
994 _aC0
_bPEPRU
596 _a1
999 _a286.1 C13
_wDEWEY
_c45111
_i16820
_d45111
_f2021-11-11
_g5
_lCCODEBUL1
_mBUL
_q1
_r0
_sY
_tBOOK
_u2015-6-16
_xTEOLOGIA
_zUNKNOWN
_0COMPRA
_o.STAFF. Colección General
980 _81
_gALBERTO SANCHEZ Responsable de Automatización